=LDR 00000nam 2200000 4500 =001 INLIS000000000017439 =005 20130612112638 =008 ***********************************Ind** =035 ##$$0010-061300000017439 =041 ##$$a Ind =082 ##$$a 634.974 =090 ##$$a 634.974, Suk k =100 ##$$a Sukamto =245 ##$$a Kelapa kopyor, pembibitan budidaya, Ir. Sukamto, ITN =260 ##$$a 2001 $b Jakarta =300 ##$$a viii, 79 hlm, ilus, 21 cm =650 ##$$a Kelapa =850 ##$$a NBPNMAT